वही बात / (Record no. 117151)

MARC details
000 -LEADER
fixed length control field 00947nam a22002537a 4500
005 - DATE AND TIME OF LATEST TRANSACTION
control field 20170124103050.0
010 ## - LIBRARY OF CONGRESS CONTROL NUMBER
LC control number A-024242
020 ## - INTERNATIONAL STANDARD BOOK NUMBER
Terms of availability 10.00
035 ## - SYSTEM CONTROL NUMBER
System control number A-024242
037 ## - SOURCE OF ACQUISITION
Source of stock number/acquisition Cen Lib/Ret
040 ## - CATALOGING SOURCE
Original cataloging agency DPL
Language of cataloging HN
082 ## - DEWEY DECIMAL CLASSIFICATION NUMBER
Classification number
Item number कमले
100 ## - MAIN ENTRY--PERSONAL NAME
Personal name कमलेश्वर
9 (RLIN) 70378
245 ## - TITLE STATEMENT
Title वही बात /
Statement of responsibility, etc कमलेश्वर
246 ## - VARYING FORM OF TITLE
Title proper/short title Vahi baat /
Remainder of title by Kamleshavar
260 ## - PUBLICATION, DISTRIBUTION, ETC. (IMPRINT)
Place of publication, distribution, etc दिल्ली
Name of publisher, distributor, etc शब्दकार
Date of publication, distribution, etc 1981
270 ## - ADDRESS
Address 2203, गली ड्कौतान, तुर्कमान गेट
City दिल्ली
Postal code 110006
300 ## - PHYSICAL DESCRIPTION
Extent 99पृ.
Dimensions 17सेमी (सजिल्द)
650 ## - SUBJECT ADDED ENTRY--TOPICAL TERM
Topical term or geographic name as entry element हिन्दी साहित्य
9 (RLIN) 70379
650 ## - SUBJECT ADDED ENTRY--TOPICAL TERM
Topical term or geographic name as entry element हिन्दी साहित्य -- उपन्यास
9 (RLIN) 46379
650 ## - SUBJECT ADDED ENTRY--TOPICAL TERM
Topical term or geographic name as entry element Hindi literature
9 (RLIN) 70380
650 ## - SUBJECT ADDED ENTRY--TOPICAL TERM
Topical term or geographic name as entry element Hindi literature -- Novel
9 (RLIN) 70381
942 ## - ADDED ENTRY ELEMENTS (KOHA)
Source of classification or shelving scheme Dewey Decimal Classification
Koha item type Hindi Books
Classification part
Call number suffix कमले
Holdings
Withdrawn status Lost status Damaged status Not for loan Home library Current library Date acquired Source of acquisition Cost, normal purchase price Total Checkouts Full call number Barcode Date last seen Copy number Cost, replacement price Price effective from Koha item type Public note
Written off       Central Library Central Library 26/08/2015 Cen Lib/Ret 10.00   उ कमले A-024242 26/08/2015 1 10.00 26/08/2015 Hindi Books Written off on approval by DLB (By Circulation); dtd 20.12.2022

© Delhi Public Library
Hit Counter
free hit counter